La Política económica gubernamental en 1995
Trata sobre las políticas de gestión económica aplicadas en el Salvador para el año de 1995, se argumenta que las medidas tomadas favorecen a la empresa privada, dando como resultado efectos negativos sobre el empleo y los ingresos de los trabajadores. WMV
Tallennettuna:
| Aineistotyyppi: | Teksti |
|---|---|
| Aiheet: | |
| Tagit: |
Lisää tagi
Ei tageja, Lisää ensimmäinen tagi!
|
MARC
| LEADER | 00000 a a2200000 04500 | ||
|---|---|---|---|
| 001 | 6031 | ||
| 003 | |||
| 040 | |||
| 245 | |a La Política económica gubernamental en 1995 | ||
| 520 | |a Trata sobre las políticas de gestión económica aplicadas en el Salvador para el año de 1995, se argumenta que las medidas tomadas favorecen a la empresa privada, dando como resultado efectos negativos sobre el empleo y los ingresos de los trabajadores. WMV | ||
| 650 | |a ECONOMIA | ||
| 650 | |a POLITICA ECONOMICA | ||
| 650 | |a SISTEMAS ECONOMICOS | ||
| 650 | |a PLANIFICACION ECONOMICA | ||
| 650 | |a EMPRESAS PRIVADAS | ||
| 650 | |a EMPLEO | ||
| 650 | |a TRABAJADORES | ||
| 773 | |g volumen 16, número 692; páginas 4-6 | ||
| 999 | |c 19919 |d 19919 | ||
